<?xml version="1.0" encoding="UTF-8"?>
<record
    xmlns:xsi="http://www.w3.org/2001/XMLSchema-instance"
    xsi:schemaLocation="http://www.loc.gov/MARC21/slim http://www.loc.gov/standards/marcxml/schema/MARC21slim.xsd"
    xmlns="http://www.loc.gov/MARC21/slim">

  <leader>01962nam a2200241Ia 4500</leader>
  <datafield tag="952" ind1=" " ind2=" ">
    <subfield code="0">0</subfield>
    <subfield code="1">0</subfield>
    <subfield code="2">lcc</subfield>
    <subfield code="4">0</subfield>
    <subfield code="7">0</subfield>
    <subfield code="a">21</subfield>
    <subfield code="b">21</subfield>
    <subfield code="d">2013-06-19</subfield>
    <subfield code="l">33</subfield>
    <subfield code="m">1</subfield>
    <subfield code="o">KGF 1059 A33 2012 </subfield>
    <subfield code="p">21 001708</subfield>
    <subfield code="r">2024-01-30</subfield>
    <subfield code="s">2023-03-14</subfield>
    <subfield code="t">1</subfield>
    <subfield code="w">2013-06-19</subfield>
    <subfield code="y">LB</subfield>
  </datafield>
  <datafield tag="952" ind1=" " ind2=" ">
    <subfield code="0">0</subfield>
    <subfield code="1">0</subfield>
    <subfield code="2">lcc</subfield>
    <subfield code="4">0</subfield>
    <subfield code="7">0</subfield>
    <subfield code="a">21</subfield>
    <subfield code="b">21</subfield>
    <subfield code="d">2017-04-07</subfield>
    <subfield code="l">66</subfield>
    <subfield code="o">KGF 1059 A33 2017</subfield>
    <subfield code="p">21 001709</subfield>
    <subfield code="r">2024-06-11</subfield>
    <subfield code="s">2023-05-09</subfield>
    <subfield code="t">1</subfield>
    <subfield code="w">2017-04-07</subfield>
    <subfield code="y">LB</subfield>
  </datafield>
  <datafield tag="952" ind1=" " ind2=" ">
    <subfield code="0">0</subfield>
    <subfield code="1">0</subfield>
    <subfield code="4">0</subfield>
    <subfield code="7">0</subfield>
    <subfield code="a">01</subfield>
    <subfield code="b">01</subfield>
    <subfield code="d">2017-04-19</subfield>
    <subfield code="l">207</subfield>
    <subfield code="o">346.720726 M611a 2017</subfield>
    <subfield code="p">01 013895</subfield>
    <subfield code="r">2019-08-20</subfield>
    <subfield code="s">2019-08-20</subfield>
    <subfield code="t">1</subfield>
    <subfield code="w">2017-04-19</subfield>
    <subfield code="y">LB</subfield>
  </datafield>
  <datafield tag="952" ind1=" " ind2=" ">
    <subfield code="0">0</subfield>
    <subfield code="1">0</subfield>
    <subfield code="4">0</subfield>
    <subfield code="7">0</subfield>
    <subfield code="a">01</subfield>
    <subfield code="b">01</subfield>
    <subfield code="d">2017-08-21</subfield>
    <subfield code="l">143</subfield>
    <subfield code="o">346.720726 M611a 2017</subfield>
    <subfield code="p">01 008212</subfield>
    <subfield code="r">2019-12-10</subfield>
    <subfield code="s">2019-12-10</subfield>
    <subfield code="t">2</subfield>
    <subfield code="w">2017-08-21</subfield>
    <subfield code="y">LB</subfield>
  </datafield>
  <datafield tag="999" ind1=" " ind2=" ">
    <subfield code="c">101821</subfield>
    <subfield code="d">101821</subfield>
  </datafield>
  <controlfield tag="005">20231102152022.0</controlfield>
  <controlfield tag="008">120622s2017    mx            000 0 spa d</controlfield>
  <datafield tag="020" ind1=" " ind2=" ">
    <subfield code="a">9786074067217</subfield>
  </datafield>
  <datafield tag="020" ind1=" " ind2=" ">
    <subfield code="a">9786074069129</subfield>
  </datafield>
  <datafield tag="050" ind1=" " ind2="4">
    <subfield code="a">KGF1059 </subfield>
    <subfield code="b">A33 2017</subfield>
  </datafield>
  <datafield tag="082" ind1=" " ind2="4">
    <subfield code="a">346.7207026</subfield>
    <subfield code="b">M611a 2017</subfield>
  </datafield>
  <datafield tag="111" ind1=" " ind2=" ">
    <subfield code="a">M&#xE9;xico. Leyes, decretos, etc.</subfield>
  </datafield>
  <datafield tag="245" ind1=" " ind2=" ">
    <subfield code="a">Agenda Mercantil</subfield>
  </datafield>
  <datafield tag="250" ind1=" " ind2=" ">
    <subfield code="a">42a. edici&#xF3;n</subfield>
  </datafield>
  <datafield tag="260" ind1=" " ind2=" ">
    <subfield code="a">M&#xE9;xico</subfield>
    <subfield code="b"> : Ediciones Fiscales ISEF</subfield>
    <subfield code="c">, 2017</subfield>
  </datafield>
  <datafield tag="300" ind1=" " ind2=" ">
    <subfield code="a">paginaci&#xF3;n var&#xED;ada</subfield>
  </datafield>
  <datafield tag="505" ind1=" " ind2=" ">
    <subfield code="a">C&#xF3;digo de Comercio
Ley general de Sociedades Mercantiles
Ley general de T&#xED;tulos y Operaciones de Cr&#xE9;dito
Ley de Concursos Mercantiles
Ley de Navegaci&#xF3;n y Comercio Mar&#xED;timos
Reglamento de la Ley de Navegaci&#xF3;n y Comercio Mar&#xED;timos
Ley de Puertos
Ley Federal del Derecho de Autor
Ley Federal de Corredur&#xED;a P&#xFA;glica
Reglamento de la Ley Federal de Corredur&#xED;a P&#xFA;blica
Reglamento del Registro P&#xFA;blico de Comercio
Ley Federal de Competencia Econ&#xF3;mica
Reglamento de la Ley Federal de Competencia Econ&#xF3;mica
Ley de C&#xE1;maras Empresariales y sus Confederaciones
Reglamento de la Ley de C&#xE1;maras Empresariales y sus Confederaciones
Ley Federal de Protecci&#xF3;n al Consumidor. (Incluye Reglamento del Art&#xED;culo 122 de la LFPC)
Reglamento de la Ley Federal de Protecci&#xF3;n al Consumidor
Ley de Inversi&#xF3;n Extranjera
Reglamento de la Ley de Inversi&#xF3;n Extranjera y del Registro Nacional de Inversiones Extranjeras
Ley de Protecci&#xF3;n al Comercio y la  Inversi&#xF3;n de Normas Extranjeras que Contravengan el Derecho Internacional
Ley General de Sociedades Cooperativas
Reglamento Interior de la Secretar&#xED;a de Econom&#xED;a
Otras Disposiciones </subfield>
  </datafield>
  <datafield tag="519" ind1=" " ind2=" ">
    <subfield code="a">Material Complementario /</subfield>
    <subfield code="b">Derecho</subfield>
    <subfield code="d">(01 013895, 01 008212)</subfield>
  </datafield>
  <datafield tag="519" ind1=" " ind2=" ">
    <subfield code="a">Educaci&#xF3;n Mixta /</subfield>
    <subfield code="b">Derecho /</subfield>
    <subfield code="c">Derecho mercantil I (P03) /</subfield>
    <subfield code="d">(21 001709)</subfield>
  </datafield>
  <datafield tag="650" ind1=" " ind2=" ">
    <subfield code="a">DERECHO COMERCIAL</subfield>
    <subfield code="x">LEGISLACI&#xD3;N</subfield>
    <subfield code="z">MEXICO</subfield>
  </datafield>
  <datafield tag="942" ind1=" " ind2=" ">
    <subfield code="c">LB</subfield>
  </datafield>
</record>
